00507nam a22001817a 450000500170000001000150001702000260003203500140005803700100007208200120008210000240009424500830011825000060020126000340020727000520024130000260029376000060031920250416114605.0 aENG-144633 c750.00a9788193732953 aEN-128165 bDBAD  a305.568 aRodrigues, Valerian aConversations with Ambedkarb10 Ambedkar Memorial LecturescValerian Rodrigues a1 aNew DelhibTulika Booksc2019 a44(first floor), Shahpur JatbNew Delhie110049 axiv, 252p.c25cm (hb) b1